Tall buildings probe (Record no. 69041)

MARC details
000 -LEADER
fixed length control field 00846cam a2200193 4500
001 - CONTROL NUMBER
control field WB3746-04
008 - FIXED-LENGTH DATA ELEMENTS--GENERAL INFORMATION
fixed length control field 011206n2001 000 0 eng u
035 ## - SYSTEM CONTROL NUMBER
System control number (Sirsi) u115895
245 ## - TITLE STATEMENT
Title Tall buildings probe
260 ## - PUBLICATION, DISTRIBUTION, ETC.
Date of publication, distribution, etc. 2001
490 ## - SERIES STATEMENT
Series statement RICS Planning and Development Faculty News
Volume/sequential designation 5 December 2001, (1)
520 ## - SUMMARY, ETC.
Summary, etc. An investigation into tall buildings is announced by House of Commons urban affairs sub-committee. It will consider whether government should introduce a nationwide policy on tall buildings and whether skyscrapers should be located together in clusters. For information on the inquiry http://www.parliament.uk/commons/selcom/tlgrpnt20.htm
590 ## - LOCAL NOTE (RLIN)
Local note WB
650 ## - SUBJECT ADDED ENTRY--TOPICAL TERM
Topical term or geographic name entry element TALL BUILDINGS
650 ## - SUBJECT ADDED ENTRY--TOPICAL TERM
Topical term or geographic name entry element SKYSCRAPERS
650 ## - SUBJECT ADDED ENTRY--TOPICAL TERM
Topical term or geographic name entry element RESTRICTED DEVELOPMENT
690 ## - LOCAL SUBJECT ADDED ENTRY--TOPICAL TERM (OCLC, RLIN)
Topical term or geographic name as entry element BUILT ENVIRONMENT-BUILDING STANDARDS
942 ## - ADDED ENTRY ELEMENTS (KOHA)
Suppress in OPAC 0
Holdings
Withdrawn status Lost status Source of classification or shelving scheme Damaged status Not for loan Home library Current library Shelving location Date acquired Total Checkouts Full call number Barcode Date last seen Copy number Price effective from Koha item type
    Dewey Decimal Classification     London London News article 06/12/2001   WB3746-04 115895-1001 06/08/2019 1 06/08/2019 News article